Rāmāyaṇakālīna saṃskṛti. (Record no. 71364)

MARC details
000 -LEADER
fixed length control field 00869cam a22002411 4500
001 - CONTROL NUMBER
control field sa 66007719
003 - CONTROL NUMBER IDENTIFIER
control field DLC
005 - DATE AND TIME OF LATEST TRANSACTION
control field 20260227112307.0
008 - FIXED-LENGTH DATA ELEMENTS--GENERAL INFORMATION
fixed length control field 831227s1965 ii 000 0 hin
010 ## - LIBRARY OF CONGRESS CONTROL NUMBER
LC control number sa 66007719
035 ## - SYSTEM CONTROL NUMBER
System control number (OCoLC)21646982
040 ## - CATALOGING SOURCE
Original cataloging agency DLC
Transcribing agency CU
Modifying agency DLC
042 ## - AUTHENTICATION CODE
Authentication code premarc
050 00 - LIBRARY OF CONGRESS CALL NUMBER
Classification number PK3659
Item number .V9
100 1# - MAIN ENTRY--PERSONAL NAME
Personal name Vyas, Shantikumar Nanooram,
Dates associated with a name 1921-
245 10 - TITLE STATEMENT
Title Rāmāyaṇakālīna saṃskṛti.
Remainder of title Vālmīki-Rāmāyaṇa meṃ citrita ācāravicāra, kalā, sāhitya, vij?nāna, dharma aura darśana kā adhyayana.
Statement of responsibility, etc. Lekhaka Śāntikumāra Nanūrāma Vyāsa
260 ## - PUBLICATION, DISTRIBUTION, ETC.
Place of publication, distribution, etc. Naī Dillī,
Name of publisher, distributor, etc. Sastā Sāhitya Maṇḍala,
Date of publication, distribution, etc. 1965
300 ## - PHYSICAL DESCRIPTION
Extent 7, 350 p.
Other physical details illus., fold. map.
Dimensions 19 cm
500 ## - GENERAL NOTE
General note At head of title: Satsāhitya - Prakāśana
500 ## - GENERAL NOTE
General note In Hindi
504 ## - BIBLIOGRAPHY, ETC. NOTE
Bibliography, etc. note Bibliography: p. [328]-330
600 00 - SUBJECT ADDED ENTRY--PERSONAL NAME
Personal name Vālmīki.
Title of a work Rāmāyaṇa

No items available.

Powered by Koha